Normal view
MARC view
- Financial services;Merchant banking
Entry Topical Term
001 - CONTROL NUMBER
- control field: 180799
003 - CONTROL NUMBER IDENTIFIER
- control field: OSt
005 - DATE AND TIME OF LATEST TRANSACTION
- control field: 20230321132540.0
008 - FIXED-LENGTH DATA ELEMENTS
- fixed length control field: 230321|| aca||aabn | a|a d
040 ## - CATALOGING SOURCE
- Original cataloging agency: OSt
- Transcribing agency: OSt
150 ## - HEADING--TOPICAL TERM
- Topical term or geographic name entry element: Financial services;Merchant banking
670 ## - SOURCE DATA FOUND
- Source citation: Work cat.: (OSt)93796: Govindaraj M, Merchant Banking and Financial Services, 2014